Ethical decisions for social work practice. (Record no. 3431)

MARC details
000 -LEADER
fixed length control field 01262nam a22001577a 4500
020 ## - INTERNATIONAL STANDARD BOOK NUMBER
ISBN 9780534641429
020 ## - INTERNATIONAL STANDARD BOOK NUMBER
ISBN 0534641423
050 ## - CALL NUMBER
Classification number HV43
Item number .L58
100 ## - AUTHOR
Personal name Dolgoff, Ralph.
245 ## - TITLE
Title Ethical decisions for social work practice.
Statement of responsibility, etc Dolgoff, Ralph.
260 ## - PUBLICATION INFORMATION
Place of publication Belmont, CA :
Name of publisher Brooks/Cole--Thomson Learning,
Year of publication ©2005
300 ## - DESCRIPTION
Number of Pages xv, 285 pages :
Other physical details illustrations ;
Dimensions 24 cm
500 ## - NOTES
General note Loewenberg's name appears first on the previous ed.
505 ## - FORMATTED CONTENTS NOTE
Table of Content Introduction to ethical decision making --<br/>Ethical choices in the helping professions --<br/>Values and professional ethics --<br/>Guidelines for ethical decision making: concepts, approaches, and values --<br/>Guidelines for ethical decision making: the decision-making process and tools --<br/>Ethical dilemmas in professional practice --<br/>Confidentiality and informed consent --<br/>Client rights and professional expertise --<br/>Value neutrality and imposing values --<br/>Equality, inequality, limited resources, and advocacy --<br/>The professional relationship: limits, dilemmas, and problems --<br/>Bureaucratic and work relationships --<br/>Private practice social work --<br/>Changing world/changing problems --<br/>Social work with selected client groups --<br/>Whose responsibility are professional ethics?
942 ## - ADDED ENTRY ELEMENTS (KOHA)
Koha item type Books
Holdings
Withdrawn status Lost status Home library Current library Shelving location Date acquired Full call number Accession Number Koha item type Collection code
    Methodist University Library Main Methodist University Library Main General Stacks   HV43 .L58 31633 Books  
    Methodist University Library Main Methodist University Library Main General Stacks   HV43 .L58 31634 Books  
    Methodist University Library Main Methodist University Library Main General Stacks   HV43 .L58 31631 Books Reference
    Methodist University Library Main Methodist University Library Main General Stacks   HV43 .L58 31635 Books Reference
Copyright © 2026  MUG Library